Conferencias pedagógicas : celebradas en la Escuela Normal de Maestros de Gerona durante los días 28, 29 y 30 de Agosto de 1918 celebradas en la Escuela Normal de Maestros de Gerona durante los días 28, 29 y 30 de Agosto de 1918
Descripción Física:
70 p. ; 22 cm
Materias:
Pedagogia -- Congressos
MARC
| LEADER | 00000nam a2200000Ia 4500 | ||
|---|---|---|---|
| 001 | 22534 | ||
| 008 | 160829s9999 xx 000 0 cat d | ||
| 080 | |a FU-56-18 | ||
| 100 | |a Conferencias Pedagógicas (1918 : Girona) |9 47727 | ||
| 245 | |a Conferencias pedagógicas : |b celebradas en la Escuela Normal de Maestros de Gerona durante los días 28, 29 y 30 de Agosto de 1918 | ||
| 260 | |a Gerona : |b Imp. Dalmáu Carles, Pla y Comp., [1918] | ||
| 300 | |a 70 p. ; |c 22 cm | ||
| 590 | |a Prové de 2900, exp. 3 | ||
| 650 | |a Pedagogia |x Congressos |9 21255 | ||
| 901 | |a Arxiu | ||
| 942 | |n 1 | ||
| 952 | |0 0 |1 0 |4 0 |6 FU5618 |7 1 |9 54058 |a Arxiu |b Arxiu |d 2016-12-01 |l 0 |o FU-56-18 |p 22534 |r 2016-12-01 00:00:00 |w 2016-12-01 |y ARXIU | ||
| 999 | |c 57926 |d 57926 | ||